000 01626cam a22004574i 4500
003 PE-LiUPU
005 20250731184551.0
008 150616s r 000 0 d
020 _a847424059X
035 _a(Sirsi) i9788474240597
040 _aPE-LiUPU
_bspa
_cPE-LiUPU
_erda
049 _aPRUA
082 0 4 _a918.5
_bW651p
_221
100 1 _aWiesenthal, M.,
_eautor.
245 1 0 _aPerú y la civilización inca /
_cM. Wiesenthal.
264 1 _aBarcelona :
_bGeocolor,
_c1979.
300 _a95 páginas :
_bilustraciones ;
_c25 centímetros.
336 _atext
_2rdacontent
337 _aunmediated
_2rdamedia
338 _avolume
_2rdacarrier
505 0 _aHistoria y fábula -- Lima -- Museos de Lima -- Gastronomía -- La vida de Lima -- Alrededores de Lima -- Las ciudades -- Ayacucho -- Ica y Nazca -- Cuzco -- Cajamarca -- Trujillo y las ruinas de Chan-Chan -- Artesanía -- Folklore -- El hombre peruano -- Las ruinas -- El Lago Titicaca -- El oasis de Arequipa -- Los paisajes -- Iquitos y la selva.
526 _aP136
526 _aP135
526 _aP134
526 _aP133
526 _aP144
526 _aP143
526 _aP87
526 _aP35
526 _aP20
526 _aP14
526 _aP10
526 _aP06
650 1 8 _aTurismo
_zPerú.
_93316
651 1 8 _aPerú
_xDescripciones y viajes.
910 _ajck
942 _2ddc
_cBK
949 _a985 W56
_wDEWEY
_c1
_i19114
_lCCODEBUL1
_mBUL
_r0
_sY
_tBOOK
_u2015-6-16
_xEDUCACION
_0COMPRA
_o.STAFF. Colección General
999 _c41476
_d41476
980 _81
_gALBERTO SANCHEZ Responsable de Automatización